Statistics for Snowiest Canadian Cities

Click here to take the quiz!

General Stats

  • This quiz has been taken 69 times
  • The average score is 4 of 10

Answer Stats

Cm per year Answer % Correct
209.5Montreal
93%
303.4Quebec City
68%
239.6Saint John
66%
335St. Johns
43%
282Moncton
34%
263.4Sudbury
29%
321.7Saguenay
25%
286.5Sherbrooke
25%
259Trois-Rivieres
23%
223Barrie
14%

Score Distribution

Percentile by Number Answered

Percent of People with Each Score

Your Score History

You have not taken this quiz